| 000 | 00667cam a22002292 4500 | ||
|---|---|---|---|
| 001 | 0000003040 | ||
| 005 | 20151217151913.0 | ||
| 008 | 070426s xx 000 0 eng d | ||
| 020 |
_a0198292279 : _cKES 2,550 |
||
| 040 |
_aKABU _cKABU |
||
| 050 | 0 |
_aHG4515 _b.S55 |
|
| 100 | 1 |
_aShleifer, Andrei. _@0000152617 |
|
| 245 | 1 | 0 |
_aInefficient markets : _ban introduction to behavioral finance. |
| 260 |
_aOxford : _bOUP, _c2000. |
||
| 300 | _aviii, 216 p. | ||
| 650 | 0 |
_aFinance. _@0000148330 |
|
| 650 | 0 |
_aInvestments. _@0000105741 |
|
| 650 | 0 |
_aStocks _xPrices. _@0000152618 |
|
| 908 | _a070426 | ||
| 950 | _@1 | ||
| 999 |
_c6188 _d6188 |
||